[Event "ODJM C 2024"]
[Site "Willingen GER"]
[Date "2024.05.21"]
[Round "4"]
[White "Kraus, Joshua"]
[Black "Albrecht, Sidney Jenna"]
[Result "0-1"]
[Termination "normal"]
[Board "13"]
[WhiteElo "1111"]
[BlackElo "1616"]
[WhiteClock "00:06:03"]
[BlackClock "00:08:17"]
[PlyCount "92"]
[WhiteFideId "34660500"]
[BlackFideId "34660283"]
[EventCountry "GER"]
[EventRounds "9"]
[EventType "swiss"]
[EventDate "2024.05.18"]

1. e4 {[%clk 01:30:56]} {[%emt 00:00:02]} c5 {[%clk 01:30:56]} {[%emt
00:00:06]} 2. Nf3 {[%clk 01:31:18]} {[%emt 00:00:08]} Nc6 {[%clk 01:31:20]}
{[%emt 00:00:06]} 3. d4 {[%clk 01:31:37]} {[%emt 00:00:10]} cxd4 {[%clk
01:31:46]} {[%emt 00:00:05]} 4. Nxd4 {[%clk 01:31:58]} {[%emt 00:00:09]} g6
{[%clk 01:32:08]} {[%emt 00:00:07]} 5. Nc3 {[%clk 01:32:16]} {[%emt 00:00:12]}
Bg7 {[%clk 01:32:29]} {[%emt 00:00:10]} 6. Nb3 {[%clk 01:32:35]} {[%emt
00:00:11]} Nf6 {[%clk 01:29:16]} {[%emt 00:03:43]} 7. Be2 {[%clk 01:32:51]}
{[%emt 00:00:14]} O-O {[%clk 01:27:33]} {[%emt 00:02:13]} 8. O-O {[%clk
01:33:13]} {[%emt 00:00:08]} e6 {[%clk 01:24:53]} {[%emt 00:03:11]} 9. Bg5
{[%clk 01:33:26]} {[%emt 00:00:16]} h6 {[%clk 01:22:57]} {[%emt 00:02:26]} 10.
Bh4 {[%clk 01:31:07]} {[%emt 00:02:48]} g5 {[%clk 01:22:02]} {[%emt 00:01:25]}
11. Bg3 {[%clk 01:31:13]} {[%emt 00:00:23]} d5 {[%clk 01:21:49]} {[%emt
00:00:44]} 12. exd5 {[%clk 01:11:47]} {[%emt 00:19:56]} Nxd5 {[%clk 01:14:08]}
{[%emt 00:08:11]} 13. Nxd5 {[%clk 01:11:34]} {[%emt 00:00:44]} exd5 {[%clk
01:13:39]} {[%emt 00:00:59]} 14. Qd2 {[%clk 01:06:07]} {[%emt 00:05:56]} Bxb2
{[%clk 01:11:53]} {[%emt 00:02:17]} 15. Rab1 {[%clk 01:05:18]} {[%emt
00:01:19]} Bg7 {[%clk 01:09:00]} {[%emt 00:03:23]} 16. Kh1 {[%clk 01:02:15]}
{[%emt 00:03:33]} Bf5 {[%clk 01:00:55]} {[%emt 00:08:35]} 17. f4 {[%clk
01:01:38]} {[%emt 00:01:06]} g4 {[%clk 00:51:23]} {[%emt 00:10:03]} 18. Bd3
{[%clk 00:59:27]} {[%emt 00:02:40]} Bxd3 {[%clk 00:46:31]} {[%emt 00:05:22]}
19. Qxd3 {[%clk 00:58:10]} {[%emt 00:01:47]} Nb4 {[%clk 00:40:01]} {[%emt
00:07:01]} 20. Qb5 {[%clk 00:55:57]} {[%emt 00:02:42]} Nxa2 {[%clk 00:30:19]}
{[%emt 00:10:12]} 21. Qxb7 {[%clk 00:55:30]} {[%emt 00:00:57]} Nc3 {[%clk
00:29:26]} {[%emt 00:01:23]} 22. Ra1 {[%clk 00:53:42]} {[%emt 00:02:19]} Rb8
{[%clk 00:24:50]} {[%emt 00:05:06]} 23. Qxa7 {[%clk 00:52:20]} {[%emt
00:01:52]} Nb5 {[%clk 00:24:32]} {[%emt 00:00:48]} 24. Qa5 {[%clk 00:50:21]}
{[%emt 00:02:28]} Bxa1 {[%clk 00:24:44]} {[%emt 00:00:18]} 25. Qxa1 {[%clk
00:47:49]} {[%emt 00:03:02]} Qc7 {[%clk 00:23:06]} {[%emt 00:02:08]} 26. f5
{[%clk 00:41:44]} {[%emt 00:06:34]} Nd6 {[%clk 00:21:24]} {[%emt 00:02:13]} 27.
Be5 {[%clk 00:37:41]} {[%emt 00:04:33]} Ra8 {[%clk 00:19:32]} {[%emt 00:02:23]}
28. Qc1 {[%clk 00:35:50]} {[%emt 00:02:20]} Kh7 {[%clk 00:14:39]} {[%emt
00:05:23]} 29. Qf4 {[%clk 00:31:09]} {[%emt 00:05:10]} Rad8 {[%clk 00:14:06]}
{[%emt 00:01:04]} 30. Rg1 {[%clk 00:25:34]} {[%emt 00:06:05]} f6 {[%clk
00:12:48]} {[%emt 00:01:49]} 31. Bxd6 {[%clk 00:23:49]} {[%emt 00:02:15]} Qxd6
{[%clk 00:12:29]} {[%emt 00:00:48]} 32. Qxg4 {[%clk 00:22:54]} {[%emt
00:01:24]} Rg8 {[%clk 00:11:51]} {[%emt 00:01:08]} 33. Qd4 {[%clk 00:22:58]}
{[%emt 00:00:27]} Rg5 {[%clk 00:10:33]} {[%emt 00:01:48]} 34. h4 {[%clk
00:20:29]} {[%emt 00:02:58]} Rxf5 {[%clk 00:09:33]} {[%emt 00:01:30]} 35. Qd3
{[%clk 00:20:45]} {[%emt 00:00:15]} Qf4 {[%clk 00:08:36]} {[%emt 00:01:27]} 36.
g3 {[%clk 00:16:01]} {[%emt 00:05:14]} Qe4+ {[%clk 00:08:57]} {[%emt 00:00:08]}
37. Qxe4 {[%clk 00:14:26]} {[%emt 00:02:05]} dxe4 {[%clk 00:09:16]} {[%emt
00:00:11]} 38. c4 {[%clk 00:12:08]} {[%emt 00:02:48]} Rd3 {[%clk 00:08:39]}
{[%emt 00:01:08]} 39. g4 {[%clk 00:10:33]} {[%emt 00:02:04]} Re5 {[%clk
00:08:33]} {[%emt 00:00:35]} 40. c5 {[%clk 00:08:17]} {[%emt 00:02:47]} Rxb3
{[%clk 00:08:28]} {[%emt 00:00:35]} 41. Rf1 {[%clk 00:07:35]} {[%emt 00:01:11]}
Rxc5 {[%clk 00:08:26]} {[%emt 00:00:32]} 42. Rxf6 {[%clk 00:07:31]} {[%emt
00:00:33]} Rc2 {[%clk 00:07:54]} {[%emt 00:01:04]} 43. Rf1 {[%clk 00:07:18]}
{[%emt 00:00:42]} Rbb2 {[%clk 00:07:53]} {[%emt 00:00:31]} 44. Rf7+ {[%clk
00:05:56]} {[%emt 00:01:51]} Kg8 {[%clk 00:08:09]} {[%emt 00:00:14]} 45. Rd7
{[%clk 00:06:06]} {[%emt 00:00:20]} Rb1+ {[%clk 00:08:30]} {[%emt 00:00:10]}
46. Rd1 {[%clk 00:06:03]} {[%emt 00:00:32]} Rxd1# {[%clk 00:08:17]} {[%emt
00:00:09]} 0-1

[Event "ODJM C 2024"]
[Site "Willingen GER"]
[Date "2024.05.21"]
[Round "4"]
[White "Fischer, John"]
[Black "Trunz, Daniel"]
[Result "1-0"]
[Termination "normal"]
[Board "14"]
[WhiteElo "1614"]
[BlackElo "1458"]
[WhiteClock "01:07:16"]
[BlackClock "01:01:08"]
[PlyCount "55"]
[WhiteFideId "16268679"]
[BlackFideId "34640797"]
[EventCountry "GER"]
[EventRounds "9"]
[EventType "swiss"]
[EventDate "2024.05.18"]

1. d4 {[%clk 01:30:58]} {[%emt 00:00:02]} d5 {[%clk 01:30:32]} {[%emt
00:00:29]} 2. Nc3 {[%clk 01:31:20]} {[%emt 00:00:08]} Nc6 {[%clk 01:30:40]}
{[%emt 00:00:22]} 3. Bf4 {[%clk 01:31:15]} {[%emt 00:00:35]} f6 {[%clk
01:29:10]} {[%emt 00:02:01]} 4. e3 {[%clk 01:30:11]} {[%emt 00:01:33]} e5
{[%clk 01:27:40]} {[%emt 00:02:00]} 5. dxe5 {[%clk 01:29:03]} {[%emt 00:01:38]}
fxe5 {[%clk 01:27:43]} {[%emt 00:00:26]} 6. Bg3 {[%clk 01:25:24]} {[%emt
00:04:09]} Bb4 {[%clk 01:26:36]} {[%emt 00:01:37]} 7. a3 {[%clk 01:24:33]}
{[%emt 00:01:21]} Ba5 {[%clk 01:24:25]} {[%emt 00:02:39]} 8. b4 {[%clk
01:24:32]} {[%emt 00:00:32]} Bb6 {[%clk 01:21:12]} {[%emt 00:03:43]} 9. Qh5+
{[%clk 01:23:13]} {[%emt 00:01:48]} g6 {[%clk 01:20:49]} {[%emt 00:00:54]} 10.
Qf3 {[%clk 01:19:10]} {[%emt 00:04:32]} Nf6 {[%clk 01:19:11]} {[%emt 00:02:09]}
11. Bh4 {[%clk 01:16:49]} {[%emt 00:02:51]} Rf8 {[%clk 01:13:01]} {[%emt
00:06:39]} 12. Bxf6 {[%clk 01:16:57]} {[%emt 00:00:23]} Rxf6 {[%clk 01:12:33]}
{[%emt 00:00:59]} 13. Qxd5 {[%clk 01:17:07]} {[%emt 00:00:19]} Rd6 {[%clk
01:10:22]} {[%emt 00:02:41]} 14. Qg8+ {[%clk 01:17:08]} {[%emt 00:00:29]} Kd7
{[%clk 01:09:41]} {[%emt 00:01:11]} 15. Qxh7+ {[%clk 01:17:24]} {[%emt
00:00:14]} Ne7 {[%clk 01:09:56]} {[%emt 00:00:16]} 16. Ne4 {[%clk 01:16:45]}
{[%emt 00:01:09]} Rc6 {[%clk 01:09:17]} {[%emt 00:01:09]} 17. Rd1+ {[%clk
01:16:32]} {[%emt 00:00:43]} Rd6 {[%clk 01:07:55]} {[%emt 00:01:52]} 18. Bb5+
{[%clk 01:12:46]} {[%emt 00:04:16]} Ke6 {[%clk 01:07:18]} {[%emt 00:01:08]} 19.
Bc4+ {[%clk 01:10:24]} {[%emt 00:02:51]} Kf5 {[%clk 01:06:03]} {[%emt
00:01:45]} 20. Nxd6+ {[%clk 01:10:15]} {[%emt 00:00:40]} cxd6 {[%clk 01:05:05]}
{[%emt 00:01:27]} 21. Qf7+ {[%clk 01:10:12]} {[%emt 00:00:33]} Kg5 {[%clk
01:04:38]} {[%emt 00:00:57]} 22. Nf3+ {[%clk 01:09:26]} {[%emt 00:01:16]} Kh6
{[%clk 01:04:22]} {[%emt 00:00:45]} 23. Nxe5 {[%clk 01:09:02]} {[%emt
00:00:55]} Qc7 {[%clk 01:02:19]} {[%emt 00:02:33]} 24. Qf4+ {[%clk 01:06:08]}
{[%emt 00:03:24]} g5 {[%clk 01:01:35]} {[%emt 00:01:13]} 25. Qf6+ {[%clk
01:06:25]} {[%emt 00:00:13]} Kh7 {[%clk 01:01:03]} {[%emt 00:01:03]} 26. Bd3+
{[%clk 01:06:44]} {[%emt 00:00:11]} Kg8 {[%clk 01:01:02]} {[%emt 00:00:30]} 27.
Qf7+ {[%clk 01:06:51]} {[%emt 00:00:24]} Kh8 {[%clk 01:01:08]} {[%emt
00:00:23]} 28. Qh7# {[%clk 01:07:16]} {[%emt 00:00:06]} 1-0

[Event "ODJM C 2024"]
[Site "Willingen GER"]
[Date "2024.05.21"]
[Round "4"]
[White "Yarmish, Kyryl"]
[Black "Gehring, Enja"]
[Result "1/2-1/2"]
[Termination "normal"]
[Board "15"]
[WhiteElo "1707"]
[BlackElo "1440"]
[WhiteClock "00:30:03"]
[BlackClock "01:23:10"]
[PlyCount "64"]
[WhiteFideId "34691880"]
[BlackFideId "34659803"]
[EventCountry "GER"]
[EventRounds "9"]
[EventType "swiss"]
[EventDate "2024.05.18"]

1. Nf3 {[%clk 01:30:58]} {[%emt 00:00:02]} d5 {[%clk 01:30:37]} {[%emt
00:00:23]} 2. g3 {[%clk 01:31:20]} {[%emt 00:00:08]} Nf6 {[%clk 01:30:43]}
{[%emt 00:00:24]} 3. Bg2 {[%clk 01:31:36]} {[%emt 00:00:13]} c6 {[%clk
01:30:54]} {[%emt 00:00:21]} 4. O-O {[%clk 01:31:25]} {[%emt 00:00:39]} e6
{[%clk 01:30:58]} {[%emt 00:00:28]} 5. d3 {[%clk 01:31:31]} {[%emt 00:00:23]}
Be7 {[%clk 01:30:40]} {[%emt 00:00:48]} 6. Nbd2 {[%clk 01:31:20]} {[%emt
00:00:41]} O-O {[%clk 01:30:44]} {[%emt 00:00:27]} 7. b3 {[%clk 01:31:12]}
{[%emt 00:00:38]} Nbd7 {[%clk 01:30:00]} {[%emt 00:01:14]} 8. Bb2 {[%clk
01:31:07]} {[%emt 00:00:34]} b6 {[%clk 01:28:04]} {[%emt 00:02:26]} 9. c4
{[%clk 01:30:51]} {[%emt 00:00:46]} Bb7 {[%clk 01:27:01]} {[%emt 00:01:33]} 10.
Rc1 {[%clk 01:29:11]} {[%emt 00:02:10]} Re8 {[%clk 01:26:15]} {[%emt 00:01:16]}
11. cxd5 {[%clk 01:26:11]} {[%emt 00:03:29]} exd5 {[%clk 01:26:05]} {[%emt
00:00:41]} 12. Nd4 {[%clk 01:17:32]} {[%emt 00:09:10]} c5 {[%clk 01:20:59]}
{[%emt 00:05:36]} 13. Nf5 {[%clk 01:16:04]} {[%emt 00:01:57]} Bf8 {[%clk
01:19:50]} {[%emt 00:01:39]} 14. Ne3 {[%clk 01:01:42]} {[%emt 00:14:52]} Rb8
{[%clk 01:19:22]} {[%emt 00:00:58]} 15. d4 {[%clk 00:57:59]} {[%emt 00:04:13]}
Qc7 {[%clk 01:13:12]} {[%emt 00:06:40]} 16. dxc5 {[%clk 00:49:21]} {[%emt
00:09:08]} bxc5 {[%clk 01:12:22]} {[%emt 00:01:20]} 17. Nb1 {[%clk 00:41:48]}
{[%emt 00:08:04]} d4 {[%clk 01:10:20]} {[%emt 00:02:31]} 18. Bxd4 {[%clk
00:40:31]} {[%emt 00:01:47]} Bxg2 {[%clk 01:09:27]} {[%emt 00:01:23]} 19. Nxg2
{[%clk 00:40:36]} {[%emt 00:00:25]} Qd6 {[%clk 01:09:45]} {[%emt 00:00:12]} 20.
Be3 {[%clk 00:37:52]} {[%emt 00:03:13]} Qa6 {[%clk 01:05:18]} {[%emt 00:04:58]}
21. Qd2 {[%clk 00:34:20]} {[%emt 00:04:02]} Rbd8 {[%clk 01:04:32]} {[%emt
00:01:17]} 22. Rc2 {[%clk 00:26:50]} {[%emt 00:07:59]} Ne5 {[%clk 01:03:48]}
{[%emt 00:01:15]} 23. Qc1 {[%clk 00:22:00]} {[%emt 00:05:19]} Neg4 {[%clk
01:03:13]} {[%emt 00:01:06]} 24. Rd1 {[%clk 00:18:58]} {[%emt 00:03:33]} Rxd1+
{[%clk 01:01:40]} {[%emt 00:02:02]} 25. Qxd1 {[%clk 00:19:04]} {[%emt
00:00:23]} Nxe3 {[%clk 01:01:56]} {[%emt 00:00:15]} 26. Nxe3 {[%clk 00:19:16]}
{[%emt 00:00:18]} Ne4 {[%clk 01:01:36]} {[%emt 00:00:50]} 27. Nd2 {[%clk
00:11:38]} {[%emt 00:08:08]} Rd8 {[%clk 00:56:39]} {[%emt 00:05:25]} 28. Qe1
{[%clk 00:09:14]} {[%emt 00:02:56]} Nxd2 {[%clk 00:54:48]} {[%emt 00:02:22]}
29. Rxd2 {[%clk 00:09:24]} {[%emt 00:00:21]} Rxd2 {[%clk 00:54:37]} {[%emt
00:00:41]} 30. Qxd2 {[%clk 00:09:36]} {[%emt 00:00:17]} Qb6 {[%clk 00:54:10]}
{[%emt 00:00:58]} 31. Qd3 {[%clk 00:03:20]} {[%emt 00:06:46]} Qa5 {[%clk
00:53:49]} {[%emt 00:00:51]} 32. a4 {[%clk 00:30:03]} {[%emt 00:03:47]} Qb6
{[%clk 01:23:10]} 1/2-1/2

[Event "ODJM C 2024"]
[Site "Willingen GER"]
[Date "2024.05.21"]
[Round "4"]
[White "Berger, Jennifer"]
[Black "Börner, Martha"]
[Result "0-1"]
[Termination "normal"]
[Board "16"]
[WhiteElo "1462"]
[BlackElo "1197"]
[WhiteClock "01:15:44"]
[BlackClock "01:20:33"]
[PlyCount "76"]
[WhiteFideId "34630074"]
[BlackFideId "34665382"]
[EventCountry "GER"]
[EventRounds "9"]
[EventType "swiss"]
[EventDate "2024.05.18"]

1. e4 {[%clk 01:30:56]} {[%emt 00:00:03]} c5 {[%clk 01:30:52]} {[%emt
00:00:09]} 2. d4 {[%clk 01:31:21]} {[%emt 00:00:06]} cxd4 {[%clk 01:31:17]}
{[%emt 00:00:04]} 3. c3 {[%clk 01:31:43]} {[%emt 00:00:08]} dxc3 {[%clk
01:31:37]} {[%emt 00:00:10]} 4. Nxc3 {[%clk 01:32:09]} {[%emt 00:00:04]} g6
{[%clk 01:31:37]} {[%emt 00:00:30]} 5. Nf3 {[%clk 01:32:12]} {[%emt 00:00:26]}
Bg7 {[%clk 01:31:53]} {[%emt 00:00:14]} 6. Bc4 {[%clk 01:31:16]} {[%emt
00:01:27]} d6 {[%clk 01:32:05]} {[%emt 00:00:17]} 7. Bd2 {[%clk 01:31:23]}
{[%emt 00:00:24]} Nf6 {[%clk 01:32:24]} {[%emt 00:00:12]} 8. O-O {[%clk
01:31:04]} {[%emt 00:00:49]} O-O {[%clk 01:32:45]} {[%emt 00:00:09]} 9. Qc1
{[%clk 01:30:51]} {[%emt 00:00:43]} Nc6 {[%clk 01:31:56]} {[%emt 00:01:19]} 10.
Bh6 {[%clk 01:31:00]} {[%emt 00:00:21]} Bg4 {[%clk 01:32:12]} {[%emt 00:00:14]}
11. Qe3 {[%clk 01:30:54]} {[%emt 00:00:36]} Bxf3 {[%clk 01:32:01]} {[%emt
00:00:40]} 12. Bxg7 {[%clk 01:31:04]} {[%emt 00:00:20]} Kxg7 {[%clk 01:32:08]}
{[%emt 00:00:23]} 13. Qxf3 {[%clk 01:31:24]} {[%emt 00:00:10]} Ne5 {[%clk
01:32:24]} {[%emt 00:00:15]} 14. Qe2 {[%clk 01:31:04]} {[%emt 00:00:49]} Nxc4
{[%clk 01:30:31]} {[%emt 00:02:23]} 15. Qxc4 {[%clk 01:31:11]} {[%emt
00:00:24]} Qc8 {[%clk 01:30:23]} {[%emt 00:00:35]} 16. Qb3 {[%clk 01:30:44]}
{[%emt 00:01:00]} b6 {[%clk 01:29:12]} {[%emt 00:01:40]} 17. Rac1 {[%clk
01:30:55]} {[%emt 00:00:18]} Qe6 {[%clk 01:29:07]} {[%emt 00:00:35]} 18. Qc2
{[%emt 00:02:37]} Rac8 {[%clk 01:28:58]} 19. Qe2 {[%clk 01:29:18]} {[%emt
00:00:39]} Qc4 {[%clk 01:28:13]} {[%emt 00:01:13]} 20. Qf3 {[%clk 01:28:58]}
{[%emt 00:00:53]} Qe6 {[%clk 01:27:07]} {[%emt 00:01:35]} 21. Rfd1 {[%clk
01:28:34]} {[%emt 00:00:53]} Qg4 {[%clk 01:26:44]} {[%emt 00:00:53]} 22. Qe3
{[%clk 01:24:51]} {[%emt 00:04:09]} Nh5 {[%clk 01:26:26]} {[%emt 00:00:53]} 23.
Nd5 {[%clk 01:24:30]} {[%emt 00:00:52]} e6 {[%clk 01:25:23]} {[%emt 00:01:34]}
24. Qd4+ {[%clk 01:23:43]} {[%emt 00:01:16]} f6 {[%clk 01:21:56]} {[%emt
00:03:58]} 25. Ne7 {[%clk 01:22:46]} {[%emt 00:01:26]} Nf4 {[%clk 01:21:16]}
{[%emt 00:01:10]} 26. g3 {[%clk 01:21:43]} {[%emt 00:01:33]} Rxc1 {[%clk
01:21:15]} {[%emt 00:00:31]} 27. Rxc1 {[%clk 01:19:39]} {[%emt 00:02:34]} Ne2+
{[%clk 01:21:33]} {[%emt 00:00:13]} 28. Kf1 {[%clk 01:20:01]} {[%emt 00:00:07]}
Nxd4 {[%clk 01:21:52]} {[%emt 00:00:12]} 29. Rc7 {[%clk 01:20:07]} {[%emt
00:00:24]} Rf7 {[%clk 01:21:36]} {[%emt 00:00:47]} 30. Rxa7 {[%clk 01:19:25]}
{[%emt 00:01:12]} Qe2+ {[%clk 01:21:39]} {[%emt 00:00:26]} 31. Kg2 {[%clk
01:19:42]} {[%emt 00:00:14]} Kf8 {[%clk 01:21:35]} {[%emt 00:00:33]} 32. Nxg6+
{[%clk 01:19:38]} {[%emt 00:00:34]} hxg6 {[%clk 01:21:47]} {[%emt 00:00:18]}
33. Ra8+ {[%clk 01:20:04]} {[%emt 00:00:05]} Kg7 {[%clk 01:22:08]} {[%emt
00:00:09]} 34. Rd8 {[%clk 01:20:09]} {[%emt 00:00:24]} Qf3+ {[%clk 01:20:38]}
{[%emt 00:02:00]} 35. Kf1 {[%clk 01:18:11]} {[%emt 00:02:28]} Qxe4 {[%clk
01:20:21]} {[%emt 00:00:46]} 36. Rxd6 {[%clk 01:16:04]} {[%emt 00:02:38]} Rc7
{[%clk 01:20:27]} {[%emt 00:00:24]} 37. Rxd4 {[%clk 01:15:25]} {[%emt
00:01:09]} Rc1+ {[%clk 01:20:33]} {[%emt 00:00:23]} 38. Rd1 {[%clk 01:15:44]}
{[%emt 00:00:11]} Rxd1# {[%emt 00:00:16]} 0-1

[Event "ODJM C 2024"]
[Site "Willingen GER"]
[Date "2024.05.21"]
[Round "4"]
[White "Weibrecht, Theo"]
[Black "Wilting, Oskar"]
[Result "1-0"]
[Termination "normal"]
[Board "17"]
[WhiteElo "1596"]
[BlackElo "1503"]
[WhiteClock "00:21:58"]
[BlackClock "00:16:14"]
[PlyCount "97"]
[WhiteFideId "34660240"]
[BlackFideId "34640053"]
[EventCountry "GER"]
[EventRounds "9"]
[EventType "swiss"]
[EventDate "2024.05.18"]

1. c4 {[%clk 01:30:59]} {[%emt 00:00:01]} c5 {[%clk 01:30:50]} {[%emt
00:00:10]} 2. Nc3 {[%clk 01:31:22]} {[%emt 00:00:07]} Nc6 {[%clk 01:30:46]}
{[%emt 00:00:34]} 3. Nf3 {[%clk 01:31:44]} {[%emt 00:00:08]} Nf6 {[%clk
01:30:19]} {[%emt 00:00:56]} 4. g3 {[%clk 01:31:24]} {[%emt 00:00:51]} g6
{[%clk 01:28:38]} {[%emt 00:02:10]} 5. Bg2 {[%clk 01:31:48]} {[%emt 00:00:07]}
Bg7 {[%clk 01:28:02]} {[%emt 00:01:05]} 6. O-O {[%clk 01:32:02]} {[%emt
00:00:16]} O-O {[%clk 01:27:40]} {[%emt 00:00:53]} 7. d4 {[%clk 01:31:41]}
{[%emt 00:00:51]} d6 {[%clk 01:26:12]} {[%emt 00:01:58]} 8. d5 {[%clk
01:27:39]} {[%emt 00:04:33]} Nb8 {[%clk 01:23:29]} {[%emt 00:03:12]} 9. Re1
{[%clk 01:26:16]} {[%emt 00:01:53]} Re8 {[%clk 01:16:35]} {[%emt 00:07:24]} 10.
Bg5 {[%clk 01:24:02]} {[%emt 00:02:34]} e5 {[%clk 01:12:11]} {[%emt 00:05:06]}
11. Ne4 {[%clk 01:20:56]} {[%emt 00:03:35]} Bf5 {[%clk 01:11:51]} {[%emt
00:00:50]} 12. Nc3 {[%clk 01:16:44]} {[%emt 00:04:40]} h6 {[%clk 01:08:44]}
{[%emt 00:03:38]} 13. Bd2 {[%clk 01:16:44]} {[%emt 00:00:29]} Bd7 {[%clk
01:08:06]} {[%emt 00:01:09]} 14. Rf1 {[%clk 01:15:38]} {[%emt 00:01:37]} Qc8
{[%clk 01:04:51]} {[%emt 00:03:44]} 15. Qc1 {[%clk 01:14:29]} {[%emt 00:01:40]}
h5 {[%clk 01:03:46]} {[%emt 00:01:35]} 16. e4 {[%clk 01:09:58]} {[%emt
00:05:01]} Bh3 {[%clk 01:00:41]} {[%emt 00:03:35]} 17. Bh6 {[%clk 01:05:18]}
{[%emt 00:05:05]} Bxg2 {[%clk 00:59:21]} {[%emt 00:01:55]} 18. Kxg2 {[%clk
01:05:39]} {[%emt 00:00:09]} Qg4 {[%clk 00:59:30]} {[%emt 00:00:18]} 19. Bxg7
{[%clk 01:05:02]} {[%emt 00:01:09]} Kxg7 {[%clk 00:59:28]} {[%emt 00:00:32]}
20. Re1 {[%clk 01:04:52]} {[%emt 00:00:41]} Na6 {[%clk 00:54:50]} {[%emt
00:05:08]} 21. a3 {[%clk 01:04:57]} {[%emt 00:00:25]} Nc7 {[%clk 00:54:41]}
{[%emt 00:00:38]} 22. Qc2 {[%clk 01:04:09]} {[%emt 00:01:18]} a6 {[%clk
00:52:31]} {[%emt 00:02:40]} 23. Qb3 {[%clk 01:00:07]} {[%emt 00:04:33]} b5
{[%clk 00:49:03]} {[%emt 00:03:58]} 24. Re2 {[%clk 00:51:45]} {[%emt 00:08:52]}
Rab8 {[%clk 00:47:23]} {[%emt 00:02:09]} 25. Rb1 {[%clk 00:50:42]} {[%emt
00:01:34]} b4 {[%clk 00:44:34]} {[%emt 00:03:20]} 26. h3 {[%clk 00:37:46]}
{[%emt 00:13:25]} Qd7 {[%clk 00:43:01]} {[%emt 00:01:57]} 27. axb4 {[%clk
00:34:31]} {[%emt 00:03:51]} Rxb4 {[%clk 00:41:40]} {[%emt 00:01:51]} 28. Qa2
{[%clk 00:33:40]} {[%emt 00:01:19]} a5 {[%clk 00:40:46]} {[%emt 00:01:26]} 29.
b3 {[%clk 00:33:31]} {[%emt 00:00:39]} Reb8 {[%clk 00:38:11]} {[%emt 00:03:04]}
30. Qc2 {[%clk 00:31:14]} {[%emt 00:02:41]} Qc8 {[%clk 00:28:45]} {[%emt
00:10:02]} 31. Qd1 {[%clk 00:31:07]} {[%emt 00:00:37]} Qb7 {[%clk 00:26:07]}
{[%emt 00:03:08]} 32. Reb2 {[%clk 00:31:23]} {[%emt 00:00:15]} Ra8 {[%clk
00:25:07]} {[%emt 00:01:30]} 33. Qd2 {[%clk 00:30:09]} {[%emt 00:01:44]} Rb8
{[%clk 00:23:30]} {[%emt 00:02:06]} 34. Nh2 {[%clk 00:28:41]} {[%emt 00:01:58]}
Qc8 {[%clk 00:22:03]} {[%emt 00:01:57]} 35. f3 {[%clk 00:28:33]} {[%emt
00:00:38]} Qd7 {[%clk 00:19:54]} {[%emt 00:02:40]} 36. Qc2 {[%clk 00:27:38]}
{[%emt 00:01:25]} g5 {[%clk 00:19:23]} {[%emt 00:01:01]} 37. Qd2 {[%clk
00:27:52]} {[%emt 00:00:16]} Kg6 {[%clk 00:19:16]} {[%emt 00:00:37]} 38. Ne2
{[%clk 00:26:46]} {[%emt 00:01:35]} h4 {[%clk 00:19:13]} {[%emt 00:00:34]} 39.
gxh4 {[%clk 00:25:40]} {[%emt 00:01:36]} gxh4 {[%clk 00:19:33]} {[%emt
00:00:10]} 40. Ng4 {[%clk 00:23:48]} {[%emt 00:02:22]} Nxg4 {[%clk 00:19:18]}
{[%emt 00:00:46]} 41. fxg4 {[%clk 00:24:06]} {[%emt 00:00:10]} Ne8 {[%clk
00:18:33]} {[%emt 00:01:15]} 42. Qe1 {[%clk 00:23:24]} {[%emt 00:01:12]} Qe7
{[%clk 00:18:16]} {[%emt 00:00:47]} 43. Ng1 {[%clk 00:22:58]} {[%emt 00:00:57]}
a4 {[%clk 00:18:21]} {[%emt 00:00:25]} 44. Nf3 {[%clk 00:22:42]} {[%emt
00:00:46]} axb3 {[%clk 00:17:20]} {[%emt 00:01:31]} 45. Nxh4+ {[%clk 00:22:47]}
{[%emt 00:00:23]} Kg5 {[%clk 00:16:45]} {[%emt 00:01:01]} 46. Nf5 {[%clk
00:22:23]} {[%emt 00:00:59]} Qf8 {[%clk 00:16:20]} {[%emt 00:00:54]} 47. Qh4+
{[%clk 00:22:30]} {[%emt 00:00:22]} Kg6 {[%clk 00:16:08]} {[%emt 00:00:44]} 48.
Qh5+ {[%clk 00:22:24]} {[%emt 00:00:32]} Kf6 {[%clk 00:16:14]} {[%emt
00:00:28]} 49. g5# {[%clk 00:21:58]} {[%emt 00:00:25]} 1-0